000 00703nam a22002417a 4500
003 UA-OsUOA
001 20291
007 ta
008 20031020b un ||||| |||| 00| 0 ukr d
100 _aПиотровский Р.Г.
090 _a811.133.1
_bП-32
942 _cBK
040 _aUA-OsUOA
_brus
_cUA-OsUOA
_dUA-OsUOA
245 _aОчерки по грамматической стилистике французского языка
_bМорфология
300 _a199 с.
955 _a0
041 _arus
080 _a811.133.1
260 _aМ.
_bИз-во литературы на иностранных языках
_c1956
044 _aFR
650 7 _2UDC
999 _c306467
_d306467